000
00273nam a2200121Ia 4500
008
190216s9999||||xx |||||||||||||| ||und||
100
_a
Manasi Karkare
245
0
_a
Hindi-Pashu-Pakshiyom Ke Kathayem
260
_b
Karthik
300
_a
96
650
_a
Hindi
942
_c
BK
999
_c
16365
_d
16365